[Event "Tradewise Gibraltar Master 2015"]
[Site "Gibraltar ENG"]
[Date "2015.02.01"]
[Round "6.29"]
[White "Martinez Martin, David"]
[Black "Matlakov, Maxim"]
[Result "0-1"]
[WhiteElo "2407"]
[BlackElo "2695"]
[PlyCount "120"]
[EventDate "2015.01.27"]
[EventType "swiss"]
[EventRounds "10"]
[EventCountry "ENG"]
[Source "lmi"]
[SourceDate "2015.01.27"]

1. d4 d5 2. c4 c6 3. Nf3 Nf6 4. e3 Bf5 5. Nc3 e6 6. Bd3 Bg6 7. Qe2 Bb4 8. Bd2
Nbd7 9. O-O Ba5 10. cxd5 exd5 11. Rab1 Bc7 12. b4 O-O 13. Bxg6 hxg6 14. b5 c5
15. dxc5 Nxc5 16. Rfd1 Qe7 17. Bc1 Ne6 18. e4 dxe4 19. Nxe4 Rfe8 20. Nxf6+ Qxf6
21. Bb2 Nd4 22. Bxd4 Rxe2 23. Bxf6 gxf6 24. Rd2 Re4 25. Kf1 Bb6 26. Re1 Rb4 27.
Re7 Rb1+ 28. Ke2 Rxb5 29. Rxb7 Re8+ 30. Kd1 Rb1+ 31. Kc2 Rf1 32. a4 Rc8+ 33.
Kb2 Rxf2 34. Rxf2 Bxf2 35. Re7 Rc4 36. Kb3 Rg4 37. h3 Rf4 38. a5 g5 39. Rc7 Rf5
40. Kb4 a6 41. Rc6 Rb5+ 42. Kc4 Rxa5 43. Rxf6 Kg7 44. Rc6 f6 45. g4 Ra3 46. Nd2
Bg3 47. Ne4 Be5 48. Kd5 Kg6 49. Nc5 a5 50. Nd7 Rd3+ 51. Ke6 Re3 52. Ke7 Bb2+
53. Kd6 Rxh3 54. Nb6 Rd3+ 55. Nd5 Rd4 56. Rc8 Rxg4 57. Ne7+ Kf7 58. Nf5 Rf4 59.
Rc7+ Kg6 60. Ne7+ Kh5 0-1

[Event "Tradewise Gibraltar Master 2015"]
[Site "Gibraltar ENG"]
[Date "2015.02.01"]
[Round "6.30"]
[White "Foisor, Cristina-Adela"]
[Black "Grandelius, Nils"]
[Result "1/2-1/2"]
[WhiteElo "2390"]
[BlackElo "2602"]
[PlyCount "89"]
[EventDate "2015.01.27"]
[EventType "swiss"]
[EventRounds "10"]
[EventCountry "ENG"]
[Source "lmi"]
[SourceDate "2015.01.27"]

1. Nf3 d5 2. g3 g6 3. Bg2 Bg7 4. d4 Nf6 5. O-O O-O 6. c4 dxc4 7. Na3 c3 8. bxc3
c5 9. e3 Nc6 10. Qe2 Nd5 11. Bb2 Nb6 12. Rfd1 Na4 13. Rab1 Nxb2 14. Rxb2 Rb8
15. Nd2 Na5 16. Ne4 cxd4 17. cxd4 b6 18. Rc2 Bb7 19. Rdc1 e5 20. dxe5 Bxe5 21.
Nb1 Qe7 22. Nbd2 Rfd8 23. h4 Rd7 24. Ng5 Rbd8 25. Bxb7 Nxb7 26. Nb3 Nd6 27. Nf3
Nf5 28. e4 Nd4 29. Nbxd4 Bxd4 30. Kg2 Bc5 31. h5 Qd6 32. hxg6 hxg6 33. Rh1 Qd3
34. e5 Qxe2 35. Rxe2 Rd5 36. Re4 Be7 37. g4 Kg7 38. g5 Rh8 39. Rc1 Bc5 40. Rce1
Re8 41. Rh1 Rd3 42. Reh4 Kf8 43. Rf4 Kg7 44. Rfh4 Kf8 45. Rf4 1/2-1/2

[Event "Tradewise Gibraltar Master 2015"]
[Site "Gibraltar ENG"]
[Date "2015.02.01"]
[Round "6.32"]
[White "Houska, Jovanka"]
[Black "Sengupta, Deep"]
[Result "1/2-1/2"]
[WhiteElo "2388"]
[BlackElo "2569"]
[PlyCount "79"]
[EventDate "2015.01.27"]
[EventType "swiss"]
[EventRounds "10"]
[EventCountry "ENG"]
[Source "lmi"]
[SourceDate "2015.01.27"]

1. d4 Nf6 2. Nf3 g6 3. c4 Bg7 4. g3 O-O 5. Bg2 c6 6. O-O d5 7. Qb3 dxc4 8. Qxc4
Bf5 9. e3 Nbd7 10. Nbd2 Ne4 11. Nh4 Nd6 12. Qe2 Be6 13. Nhf3 Bg4 14. h3 Bxf3
15. Nxf3 e5 16. Nxe5 Nxe5 17. dxe5 Bxe5 18. Rd1 Qc7 19. e4 Rfe8 20. Be3 Rad8
21. f4 Bg7 22. e5 Nf5 23. Bf2 Bf8 24. Qc4 Ng7 25. b4 a6 26. a4 Rxd1+ 27. Rxd1
Rd8 28. Rxd8 Qxd8 29. b5 Qd1+ 30. Bf1 axb5 31. axb5 cxb5 32. Qxb5 Ne6 33. Qxb7
Qc1 34. Qd5 Bc5 35. Bxc5 Nxc5 36. Qd8+ Kg7 37. Qf6+ Kg8 38. Qd8+ Kg7 39. Qf6+
Kg8 40. Qd8+ 1/2-1/2

[Event "Tradewise Gibraltar Master 2015"]
[Site "Gibraltar ENG"]
[Date "2015.02.01"]
[Round "6.33"]
[White "Bogner, Sebastian"]
[Black "Zude, Arno"]
[Result "0-1"]
[WhiteElo "2565"]
[BlackElo "2377"]
[PlyCount "122"]
[EventDate "2015.01.27"]
[EventType "swiss"]
[EventRounds "10"]
[EventCountry "ENG"]
[Source "lmi"]
[SourceDate "2015.01.27"]

1. d4 Nf6 2. c4 e6 3. g3 Bb4+ 4. Bd2 a5 5. Bg2 d5 6. Qb3 Nc6 7. Nf3 dxc4 8.
Qxc4 Qd5 9. Qd3 Qe4 10. Qxe4 Nxe4 11. a3 Nxd2 12. Nbxd2 Be7 13. Rc1 O-O 14. e3
Bd8 15. Ne4 Ne7 16. Ne5 Nd5 17. Kd2 Be7 18. Nc5 Rd8 19. Rc2 f6 20. Ned3 c6 21.
Rd1 Rb8 22. Ke2 b6 23. Ne4 Bd7 24. Rdc1 Rbc8 25. Nc3 Bf8 26. Na4 Rb8 27. Nc3
Nxc3+ 28. Rxc3 c5 29. dxc5 bxc5 30. Bh3 Kf7 31. Ke1 Be7 32. R1c2 c4 33. Nf4 g5
34. Ne2 Ba4 35. Rc1 Rxb2 36. Nd4 Bd7 37. Rxc4 Bxa3 38. Rc7 f5 39. Nc6 Ke8 40.
Nxd8 Kxd8 41. R7c2 a4 42. Bf1 Bb4+ 43. Kd1 a3 44. Rxb2 axb2 45. Rb1 Ba4+ 46.
Ke2 Bb5+ 47. Kf3 g4+ 48. Kf4 h6 49. Ke5 Bxf1 50. Rxf1 Bd2 51. Rb1 Ke7 52. e4
fxe4 53. Kxe4 Bc1 54. f3 h5 55. f4 Kf6 56. Kd3 e5 57. Ke4 exf4 58. gxf4 Ke6 59.
h4 Kf7 60. Kd3 Kf6 61. Ke4 Ke6 0-1

[Event "Tradewise Gibraltar Master 2015"]
[Site "Gibraltar ENG"]
[Date "2015.02.01"]
[Round "6.34"]
[White "Kuipers, Stefan"]
[Black "Chirila, Ioan-Cristian"]
[Result "1-0"]
[WhiteElo "2390"]
[BlackElo "2548"]
[PlyCount "103"]
[EventDate "2015.01.27"]
[EventType "swiss"]
[EventRounds "10"]
[EventCountry "ENG"]
[Source "lmi"]
[SourceDate "2015.01.27"]

1. e4 e5 2. Nf3 Nc6 3. Bb5 a6 4. Ba4 Nf6 5. d3 d6 6. c4 g6 7. O-O Bg7 8. h3 O-O
9. Nc3 h6 10. Bxc6 bxc6 11. d4 exd4 12. Nxd4 c5 13. Nf3 Bb7 14. Re1 Re8 15. Qc2
Qd7 16. Bd2 Re7 17. Re3 Rae8 18. Rae1 Kh7 19. Bc1 Qd8 20. a3 Qa8 21. Nd5 Nxd5
22. exd5 Rxe3 23. fxe3 c6 24. e4 cxd5 25. exd5 Rxe1+ 26. Nxe1 Qe8 27. Nf3 Bc8
28. Bf4 Bf5 29. Qd2 Qd7 30. b4 Qc7 31. Kh2 cxb4 32. Qxb4 Bd3 33. Nd2 Bf8 34.
Qc3 Bf5 35. g4 Bc8 36. Ne4 Bg7 37. Nf6+ Bxf6 38. Qxf6 Qxc4 39. Qxf7+ Kh8 40.
Qf8+ Kh7 41. Qxh6+ Kg8 42. Qxg6+ Kh8 43. Qe8+ Kg7 44. Qe7+ Kg8 45. Bh6 Qd4 46.
Kg3 a5 47. Kh4 Ba6 48. Qe6+ Kh7 49. Kh5 Bc4 50. Qg6+ Kh8 51. Bg5 Qe5 52. Kh6
1-0

[Event "Tradewise Gibraltar Master 2015"]
[Site "Gibraltar ENG"]
[Date "2015.02.01"]
[Round "6.35"]
[White "Padmini, Rout"]
[Black "Troff, Kayden W"]
[Result "1-0"]
[WhiteElo "2388"]
[BlackElo "2541"]
[PlyCount "71"]
[EventDate "2015.01.27"]
[EventType "swiss"]
[EventRounds "10"]
[EventCountry "ENG"]
[Source "lmi"]
[SourceDate "2015.01.27"]

1. e4 c5 2. Nf3 d6 3. d4 cxd4 4. Nxd4 Nf6 5. Nc3 a6 6. Be3 e5 7. Nb3 Be7 8. Be2
Be6 9. O-O O-O 10. Qd3 Nbd7 11. Nd5 Bxd5 12. exd5 Ne8 13. Bg4 g6 14. Bxd7 Qxd7
15. f4 Bf6 16. f5 e4 17. Qxe4 Bxb2 18. Rab1 Bg7 19. Qh4 Bf6 20. Bg5 Qe7 21.
Bxf6 Qxf6 22. Qh3 g5 23. Qd3 b5 24. Nd2 Rc8 25. Ne4 Qe5 26. Rbe1 Rc4 27. Nc5
Qb2 28. Nd7 Nf6 29. Nxf8 Kxf8 30. Qg3 Qd4+ 31. Kh1 h6 32. Qxd6+ Kg7 33. Re7
Qxd5 34. Qe6 Rf4 35. Rxf7+ Kg8 36. Rxf6+ 1-0

[Event "Tradewise Gibraltar Master 2015"]
[Site "Gibraltar ENG"]
[Date "2015.02.01"]
[Round "6.37"]
[White "Rasmussen, Allan Stig"]
[Black "Zwahr, Paul"]
[Result "1-0"]
[WhiteElo "2526"]
[BlackElo "2354"]
[PlyCount "61"]
[EventDate "2015.01.27"]
[EventType "swiss"]
[EventRounds "10"]
[EventCountry "ENG"]
[Source "lmi"]
[SourceDate "2015.01.27"]

1. d4 Nf6 2. c4 g6 3. Nc3 Bg7 4. e4 d6 5. Nf3 O-O 6. Be2 e5 7. O-O Nc6 8. d5
Ne7 9. Ne1 Nd7 10. Be3 f5 11. f3 f4 12. Bf2 g5 13. Rc1 Ng6 14. Nd3 a6 15. c5 h5
16. Qb3 b6 17. cxb6 cxb6 18. Qa3 Nc5 19. Rfd1 g4 20. Kh1 Qg5 21. b4 Nxd3 22.
Rxd3 Nh4 23. Bf1 Rb8 24. b5 Rf6 25. bxa6 Rg6 26. a7 Ra8 27. Ne2 Bd7 28. Rb3
Nxf3 29. gxf3 g3 30. hxg3 fxg3 31. Bxg3 1-0

[Event "Tradewise Gibraltar Master 2015"]
[Site "Gibraltar ENG"]
[Date "2015.02.01"]
[Round "6.39"]
[White "Tarjan, James E"]
[Black "Dragnev, Valentin"]
[Result "0-1"]
[WhiteElo "2518"]
[BlackElo "2344"]
[PlyCount "72"]
[EventDate "2015.01.27"]
[EventType "swiss"]
[EventRounds "10"]
[EventCountry "ENG"]
[Source "lmi"]
[SourceDate "2015.01.27"]

1. Nf3 d5 2. d4 Nf6 3. c4 c6 4. e3 e6 5. Bd3 Nbd7 6. O-O dxc4 7. Bxc4 b5 8. Be2
a6 9. a4 Bb7 10. Nbd2 Bd6 11. Nb3 O-O 12. Bd2 Rc8 13. Rc1 Ne4 14. Bd3 Nxd2 15.
Nfxd2 c5 16. axb5 axb5 17. Bxb5 cxd4 18. Rxc8 Qxc8 19. Nc4 Bb8 20. Qxd4 Nf6 21.
Qc5 Qd8 22. Nd4 Ng4 23. h3 Bh2+ 24. Kh1 Qh4 25. Bc6 Rc8 26. Qb6 Bxc6 27. Nxc6
h5 28. Qa6 Rf8 29. Qb6 Kh7 30. f3 Bg3 31. fxg4 hxg4 32. Qd4 f5 33. N6e5 Rd8 34.
Nd6 Qh5 35. Nef7 gxh3 36. Nxd8 Qe2 0-1

[Event "Tradewise Gibraltar Master 2015"]
[Site "Gibraltar ENG"]
[Date "2015.02.01"]
[Round "6.40"]
[White "Al-Sayed, Mohammed"]
[Black "Vuilleumier, Alexandre"]
[Result "1-0"]
[WhiteElo "2516"]
[BlackElo "2336"]
[PlyCount "67"]
[EventDate "2015.01.27"]
[EventType "swiss"]
[EventRounds "10"]
[EventCountry "ENG"]
[Source "lmi"]
[SourceDate "2015.01.27"]

1. Nf3 Nf6 2. g3 d5 3. Bg2 c6 4. c4 Bf5 5. Qb3 Qb6 6. d3 e6 7. Nh4 Bg4 8. h3
Bh5 9. g4 Bg6 10. Be3 dxc4 11. dxc4 Qxb3 12. axb3 Bxb1 13. Rxb1 Bb4+ 14. Kd1
Na6 15. Ra1 Nc5 16. Kc2 Ke7 17. Rhd1 a5 18. Nf3 Rad8 19. g5 Nfd7 20. Rd4 Nf8
21. Rh4 Ncd7 22. Nd4 Ne5 23. Re4 Nfg6 24. f4 Nd7 25. f5 Nc5 26. fxg6 Nxe4 27.
Bxe4 hxg6 28. Nf3 Ra8 29. h4 Rhg8 30. c5 Rgd8 31. Ne5 Rh8 32. Rf1 Raf8 33.
Rxf7+ Rxf7 34. Nxg6+ 1-0

[Event "Tradewise Gibraltar Master 2015"]
[Site "Gibraltar ENG"]
[Date "2015.02.01"]
[Round "6.41"]
[White "Holm, Kristian Stuvik"]
[Black "Harika, Dronavalli"]
[Result "1/2-1/2"]
[WhiteElo "2330"]
[BlackElo "2496"]
[PlyCount "69"]
[EventDate "2015.01.27"]
[EventType "swiss"]
[EventRounds "10"]
[EventCountry "ENG"]
[Source "lmi"]
[SourceDate "2015.01.27"]

1. Nf3 Nf6 2. c4 b6 3. g3 Bb7 4. Bg2 g6 5. b3 Bg7 6. Bb2 O-O 7. O-O e6 8. Nc3
d6 9. d4 Ne4 10. Qc2 f5 11. Rfd1 Nd7 12. Rac1 Qe7 13. Ne1 Ndf6 14. Nd3 c5 15.
dxc5 bxc5 16. f3 Nxc3 17. Bxc3 e5 18. b4 e4 19. Nf2 Bh6 20. Rb1 Be3 21. bxc5
dxc5 22. Qb3 exf3 23. exf3 Bxf2+ 24. Kf1 Rae8 25. Rb2 Ng4 26. fxg4 Bxg2+ 27.
Kxg2 fxg4 28. Rxf2 Qe4+ 29. Kg1 Rxf2 30. Kxf2 Qf3+ 31. Kg1 Qe3+ 32. Kh1 Qf3+
33. Kg1 Qe3+ 34. Kh1 Qf3+ 35. Kg1 1/2-1/2

[Event "Tradewise Gibraltar Master 2015"]
[Site "Gibraltar ENG"]
[Date "2015.02.01"]
[Round "6.42"]
[White "Svane, Rasmus"]
[Black "Salomon, Johan"]
[Result "0-1"]
[WhiteElo "2496"]
[BlackElo "2319"]
[PlyCount "152"]
[EventDate "2015.01.27"]
[EventType "swiss"]
[EventRounds "10"]
[EventCountry "ENG"]
[Source "lmi"]
[SourceDate "2015.01.27"]

1. d4 Nf6 2. c4 e6 3. Nc3 Bb4 4. e3 O-O 5. Nge2 Re8 6. a3 Bf8 7. d5 d6 8. Ng3
g6 9. Be2 exd5 10. cxd5 h5 11. h3 Nbd7 12. Qc2 c6 13. dxc6 bxc6 14. O-O d5 15.
Rd1 Bd6 16. b4 Qc7 17. Nf1 a5 18. b5 cxb5 19. Bxb5 Bb7 20. Bb2 Rac8 21. Rac1
Red8 22. Qb1 Qb8 23. Ne2 Ne5 24. Qa1 Ne4 25. a4 Kh7 26. Bd4 Nc4 27. Rc2 Na3 28.
Rxc8 Rxc8 29. Rc1 Nc2 30. Qb1 Nxd4 31. Nxd4 Nc3 32. Qb2 Bb4 33. Nd2 Qd6 34. Nb1
Ne4 35. Rxc8 Bxc8 36. Nc2 Bc5 37. Nc3 Qf6 38. Nd1 Qg5 39. Kh1 Qh4 40. Ne1 Bxh3
41. Kg1 Bg4 42. Be2 Bd6 43. Nf3 Bxf3 44. Bxf3 Qh2+ 45. Kf1 Qh1+ 46. Ke2 Bb4 47.
Kd3 Qh4 48. Qd4 Nc5+ 49. Kc2 Qxd4 50. exd4 Nxa4 51. Bxd5 Kg7 52. Bc6 Nb6 53.
Nb2 Kf6 54. Kb3 Ke7 55. Nc4 Nxc4 56. Kxc4 g5 57. Kd5 g4 58. Ke5 h4 59. Kf4 h3
60. gxh3 gxh3 61. Kg3 Be1 62. Kxh3 Bxf2 63. d5 f5 64. Kg2 Bc5 65. Kf3 Kf6 66.
Ba4 Ke5 67. Bb3 f4 68. Ke2 Kd4 69. Kd2 Bb4+ 70. Ke2 Kc3 71. Ba4 Bd6 72. Kd1 Kb4
73. Bc2 a4 74. Kc1 a3 75. Bd1 Kc3 76. Kb1 Kd2 0-1

[Event "Tradewise Gibraltar Master 2015"]
[Site "Gibraltar ENG"]
[Date "2015.02.01"]
[Round "6.43"]
[White "Javakhishvili, Lela"]
[Black "Santos Ruiz, Miguel"]
[Result "1-0"]
[WhiteElo "2486"]
[BlackElo "2310"]
[PlyCount "70"]
[EventDate "2015.01.27"]
[EventType "swiss"]
[EventRounds "10"]
[EventCountry "ENG"]
[Source "lmi"]
[SourceDate "2015.01.27"]

1. d4 Nf6 2. c4 e6 3. Nc3 Bb4 4. e3 b6 5. Nge2 c5 6. a3 Ba5 7. Bd2 Bb7 8. b4
cxb4 9. Nb5 Qe7 10. c5 bxc5 11. axb4 Bxb4 12. Bxb4 cxb4 13. Nc7+ Kd8 14. Nxa8
Nc6 15. Nc1 Nd5 16. Nb3 Nc3 17. Qh5 Bxa8 18. Bd3 g6 19. Qh3 Kc7 20. O-O d6 21.
e4 Kb8 22. Qe3 Qc7 23. Rfc1 Bb7 24. Ba6 Rc8 25. Nd2 Qb6 26. Nf3 Rf8 27. e5 Kc7
28. exd6+ Kxd6 29. Re1 Nd5 30. Qd3 Ke7 31. Ng5 Kd6 32. Bb5 a5 33. Nf3 Nf6 34.
Nh4 Qd8 35. Rad1 Nd5 1-0

[Event "Tradewise Gibraltar Master 2015"]
[Site "Gibraltar ENG"]
[Date "2015.02.01"]
[Round "6.44"]
[White "Zhukova, Natalia"]
[Black "Tate, Alan"]
[Result "1/2-1/2"]
[WhiteElo "2482"]
[BlackElo "2297"]
[PlyCount "42"]
[EventDate "2015.01.27"]
[EventType "swiss"]
[EventRounds "10"]
[EventCountry "ENG"]
[Source "lmi"]
[SourceDate "2015.01.27"]

1. d4 e6 2. c4 b6 3. Nf3 Bb7 4. g3 Bb4+ 5. Bd2 Bxf3 6. exf3 Bxd2+ 7. Qxd2 d5 8.
Nc3 Nf6 9. f4 O-O 10. Bg2 Nc6 11. O-O Ne7 12. b3 Rc8 13. Rad1 c6 14. h3 Qd6 15.
a4 Rcd8 16. Qe3 dxc4 17. bxc4 Qb4 18. Qd3 Qd6 19. Qe3 Qb4 20. Qd3 Qd6 21. Qe3
Qb4 1/2-1/2

[Event "Tradewise Gibraltar Master 2015"]
[Site "Gibraltar ENG"]
[Date "2015.02.01"]
[Round "6.45"]
[White "Guerrero Vargas, Andres"]
[Black "Pichot, Alan"]
[Result "1/2-1/2"]
[WhiteElo "2320"]
[BlackElo "2480"]
[PlyCount "147"]
[EventDate "2015.01.27"]
[EventType "swiss"]
[EventRounds "10"]
[EventCountry "ENG"]
[Source "lmi"]
[SourceDate "2015.01.27"]

1. d4 Nf6 2. c4 g6 3. Nf3 Bg7 4. Nc3 O-O 5. e4 d6 6. Be2 Na6 7. O-O e5 8. Rb1
exd4 9. Nxd4 Re8 10. f3 c6 11. Nc2 d5 12. cxd5 cxd5 13. exd5 Bf5 14. Bb5 Qb6+
15. Kh1 Nxd5 16. Bg5 Bxc2 17. Qxc2 Re5 18. f4 Ne3 19. Qe2 Rxb5 20. Nxb5 Nxf1
21. Rxf1 Qc6 22. Re1 Nc5 23. Rc1 Re8 24. Qf1 Qb6 25. Bh4 Ne6 26. f5 gxf5 27.
Qxf5 a6 28. Nc3 Nd4 29. Qf2 Qe6 30. Rf1 b5 31. h3 f5 32. Rd1 Qc4 33. Qg3 Kh8
34. Qd6 Ne6 35. Be7 Nf4 36. Bf6 Nh5 37. Bxg7+ Nxg7 38. Qxa6 f4 39. Qxb5 Qf7 40.
Qd5 Qg6 41. Qd4 f3 42. gxf3 Qg3 43. Qg4 Re1+ 44. Rxe1 Qxe1+ 45. Qg1 Qe6 46. Qg5
Qxh3+ 47. Kg1 Qd7 48. Nd5 Qd6 49. Ne3 Qd2 50. Qe5 h5 51. f4 h4 52. f5 Qe1+ 53.
Kh2 Qe2+ 54. Kh3 Qf3+ 55. Kxh4 Qxe3 56. Qxe3 Nxf5+ 57. Kg5 Nxe3 58. Kf6 Nc4 59.
b4 Na3 60. Ke5 Kg7 61. Kd4 Kf6 62. Kc3 Ke7 63. Kb3 Nb5 64. a4 Nd6 65. b5 Nxb5
66. axb5 Kd6 67. Ka4 Kc7 68. Ka5 Kb7 69. b6 Kb8 70. Kb5 Kb7 71. Kc5 Kb8 72. Kc6
Kc8 73. b7+ Kb8 74. Kb6 1/2-1/2

[Event "Tradewise Gibraltar Master 2015"]
[Site "Gibraltar ENG"]
[Date "2015.02.01"]
[Round "6.46"]
[White "Das, Arghyadip"]
[Black "Varga, Klara"]
[Result "1-0"]
[WhiteElo "2476"]
[BlackElo "2145"]
[PlyCount "61"]
[EventDate "2015.01.27"]
[EventType "swiss"]
[EventRounds "10"]
[EventCountry "ENG"]
[Source "lmi"]
[SourceDate "2015.01.27"]

1. e4 e6 2. d4 d5 3. Nc3 Nc6 4. Nf3 Nf6 5. e5 Ne4 6. Ne2 f6 7. Ng3 f5 8. c3 Be7
9. h4 Nxg3 10. fxg3 O-O 11. Bd3 Qe8 12. g4 fxg4 13. Ng5 h6 14. Qxg4 Nd8 15. Nh7
Rf5 16. Bxh6 Qf7 17. Nf6+ Bxf6 18. exf6 Rxf6 19. Bg5 e5 20. Qg3 Re6 21. dxe5
Nc6 22. O-O-O Nxe5 23. Bc2 b6 24. Rhf1 Qh5 25. Rf5 Qg4 26. Rdf1 Bd7 27. Qf2 Ng6
28. Rf7 Be8 29. Rf8+ Kh7 30. Rf4 Qe2 31. h5 1-0

[Event "Tradewise Gibraltar Master 2015"]
[Site "Gibraltar ENG"]
[Date "2015.02.01"]
[Round "6.47"]
[White "Watson, John L"]
[Black "Melia, Salome"]
[Result "1-0"]
[WhiteElo "2319"]
[BlackElo "2473"]
[PlyCount "77"]
[EventDate "2015.01.27"]
[EventType "swiss"]
[EventRounds "10"]
[EventCountry "ENG"]
[Source "lmi"]
[SourceDate "2015.01.27"]

1. d4 c5 2. d5 g6 3. e4 Bg7 4. Nf3 d6 5. Nc3 Nf6 6. Bb5+ Nfd7 7. a4 O-O 8. Bf4
Na6 9. Qd2 Nf6 10. h3 Nc7 11. Bc4 Nfe8 12. e5 dxe5 13. Bxe5 Nd6 14. Ba2 Na6 15.
Bxg7 Kxg7 16. Nb5 Nb4 17. Qc3+ Kg8 18. Qxc5 Qa5 19. O-O a6 20. c3 Nd3 21. Qe3
axb5 22. Qxd3 bxa4 23. Rfe1 Re8 24. g4 Qb6 25. Re2 a3 26. b4 Qb5 27. Qd2 b6 28.
Rae1 Qd7 29. Qh6 f6 30. Nd4 Nf7 31. Qh4 Bb7 32. Nc6 Qd6 33. Nxe7+ Kg7 34. Re6
Qf4 35. Nf5+ gxf5 36. Qxf6+ Kf8 37. Re7 Rxe7 38. Rxe7 Qc1+ 39. Kg2 1-0

[Event "Tradewise Gibraltar Master 2015"]
[Site "Gibraltar ENG"]
[Date "2015.02.01"]
[Round "6.48"]
[White "Janev, Pavel"]
[Black "Adla, Diego"]
[Result "1/2-1/2"]
[WhiteElo "2196"]
[BlackElo "2469"]
[PlyCount "101"]
[EventDate "2015.01.27"]
[EventType "swiss"]
[EventRounds "10"]
[EventCountry "ENG"]
[Source "lmi"]
[SourceDate "2015.01.27"]

1. e4 c5 2. Nf3 g6 3. d4 cxd4 4. Nxd4 Nf6 5. Nc3 d6 6. Be3 Bg7 7. f3 O-O 8. Qd2
Nc6 9. Bc4 Bd7 10. O-O-O Rc8 11. Bb3 Nxd4 12. Bxd4 b5 13. e5 dxe5 14. Bxe5 Bc6
15. Qxd8 Rfxd8 16. Rxd8+ Rxd8 17. Rd1 Bh6+ 18. Kb1 Rxd1+ 19. Nxd1 Nd7 20. Bd4
a5 21. c3 Kf8 22. Be3 Bg7 23. Nf2 e6 24. Nd3 Ke7 25. Nc5 a4 26. Bc2 Nf6 27. c4
bxc4 28. Bxa4 Kd6 29. Bxc6 Kxc6 30. Ne4 Nd5 31. Bd2 f5 32. Ng5 Bh6 33. Kc2 Bxg5
34. Bxg5 Kc5 35. b3 e5 36. bxc4 Kxc4 37. Bd2 e4 38. fxe4 fxe4 39. a4 e3 40. Be1
Nf4 41. a5 Nxg2 42. Bg3 Kb5 43. Kd3 h5 44. h4 Kxa5 45. Ke2 Kb5 46. Kf3 Nxh4+
47. Bxh4 Kc5 48. Kxe3 Kd5 49. Kf4 g5+ 50. Kxg5 Ke4 51. Kxh5 1/2-1/2

[Event "Tradewise Gibraltar Master 2015"]
[Site "Gibraltar ENG"]
[Date "2015.02.01"]
[Round "6.49"]
[White "Tscharotschkin, Michael"]
[Black "Kjartansson, Gudmundur"]
[Result "1/2-1/2"]
[WhiteElo "2144"]
[BlackElo "2468"]
[PlyCount "50"]
[EventDate "2015.01.27"]
[EventType "swiss"]
[EventRounds "10"]
[EventCountry "ENG"]
[Source "lmi"]
[SourceDate "2015.01.27"]

1. d4 d6 2. c4 e5 3. e3 Nd7 4. Nc3 g6 5. g3 Bg7 6. Nge2 Ne7 7. Bg2 O-O 8. O-O
Rb8 9. b3 a6 10. a4 a5 11. Ba3 b6 12. Qc2 Bb7 13. Bxb7 Rxb7 14. Nb5 exd4 15.
exd4 Nf5 16. Rad1 c5 17. Bb2 Re8 18. dxc5 dxc5 19. Bxg7 Kxg7 20. Nf4 Qe7 21.
Qc3+ Qe5 22. Qf3 Qe4 23. Qc3+ Qe5 24. Qf3 Qe4 25. Qc3+ Qe5 1/2-1/2

[Event "Tradewise Gibraltar Master 2015"]
[Site "Gibraltar ENG"]
[Date "2015.02.01"]
[Round "6.51"]
[White "Dasaolu, Rotimi"]
[Black "Teran Alvarez, Ismael"]
[Result "0-1"]
[WhiteElo "2053"]
[BlackElo "2430"]
[PlyCount "138"]
[EventDate "2015.01.27"]
[EventType "swiss"]
[EventRounds "10"]
[EventCountry "ENG"]
[Source "lmi"]
[SourceDate "2015.01.27"]

1. Nf3 c5 2. c4 Nf6 3. Nc3 b6 4. g3 Bb7 5. Bg2 g6 6. b3 Bg7 7. Bb2 O-O 8. O-O
e6 9. d4 cxd4 10. Qxd4 d5 11. Rfd1 Nc6 12. Qh4 Ne7 13. cxd5 Nf5 14. Qa4 Nxd5
15. Nxd5 Bxb2 16. Rab1 Bg7 17. Ne3 Qe8 18. Nxf5 exf5 19. Qxe8 Rfxe8 20. e3 Be4
21. Rbc1 Rac8 22. Rxc8 Rxc8 23. Ne1 Kf8 24. Bf1 Ke7 25. Bc4 Bc6 26. Kf1 b5 27.
Bd3 a5 28. Ke2 Bc3 29. Nf3 Rd8 30. Bc2 Rxd1 31. Bxd1 Kd6 32. Nd4 Bd7 33. f4 Kc5
34. Kd3 Bb2 35. Bf3 h5 36. h4 Bc8 37. Nc2 Ba6 38. Kd2 b4 39. Be2 Bc3+ 40. Kd1
Bb7 41. Bc4 Bf3+ 42. Kc1 Bd5 43. Bxd5 Kxd5 44. Kd1 Ke4 45. Ke2 Bb2 46. Ne1 Bc1
47. Nd3 Bxe3 48. Ne5 f6 49. Nc4 Bc5 50. Nxa5 Be7 51. Nc4 Kd4 52. Kd2 g5 53. Ne3
Ke4 54. Ke2 gxh4 55. gxh4 Bd6 56. Nc2 Kxf4 57. Ne3 Ke4 58. Nd1 Bf4 59. Kf2 Bd6
60. Ke2 Kf4 61. Ne3 Bf8 62. Kd3 Bc5 63. Nd5+ Kg4 64. Kc4 Bf8 65. Nxf6+ Kxh4 66.
Kd5 Bg7 67. Ne8 Bh8 68. Nd6 Kg5 69. Kc4 h4 0-1

[Event "Tradewise Gibraltar Master 2015"]
[Site "Gibraltar ENG"]
[Date "2015.02.01"]
[Round "6.53"]
[White "Bartel, Mateusz"]
[Black "Semprun Martinez, Fernando"]
[Result "1-0"]
[WhiteElo "2631"]
[BlackElo "2253"]
[PlyCount "61"]
[EventDate "2015.01.27"]
[EventType "swiss"]
[EventRounds "10"]
[EventCountry "ENG"]
[Source "lmi"]
[SourceDate "2015.01.27"]

1. g3 g6 2. Bg2 Bg7 3. e4 c5 4. Ne2 Nc6 5. c3 e5 6. d3 Nge7 7. Be3 d6 8. Nd2
O-O 9. O-O Rb8 10. f4 f5 11. Nf3 Kh8 12. Qd2 Be6 13. fxe5 Nxe5 14. Nxe5 Bxe5
15. d4 Bf6 16. dxc5 dxc5 17. Qxd8 Rbxd8 18. Bxc5 b6 19. Bd4 Bc4 20. Rf2 Kg7 21.
Re1 fxe4 22. Bxe4 Bxd4 23. Nxd4 Rxf2 24. Kxf2 Rf8+ 25. Bf3 Rf7 26. b3 Bd3 27.
Ne6+ Kh6 28. h4 Bf5 29. Nd8 Rf8 30. Rxe7 Rg8 31. Nf7+ 1-0

[Event "Tradewise Gibraltar Master 2015"]
[Site "Gibraltar ENG"]
[Date "2015.02.01"]
[Round "6.54"]
[White "Mikhalevski, Victor"]
[Black "Spence, David J"]
[Result "1-0"]
[WhiteElo "2571"]
[BlackElo "2231"]
[PlyCount "49"]
[EventDate "2015.01.27"]
[EventType "swiss"]
[EventRounds "10"]
[EventCountry "ENG"]
[Source "lmi"]
[SourceDate "2015.01.27"]

1. Nf3 c5 2. g3 Nc6 3. Bg2 e5 4. c4 g6 5. Nc3 Bg7 6. O-O Nge7 7. a3 O-O 8. b4
e4 9. Ne1 d5 10. bxc5 f5 11. cxd5 Nxd5 12. Bb2 Nxc3 13. Bxc3 Bxc3 14. Qb3+ Rf7
15. Qxc3 Nd4 16. Kh1 Nxe2 17. Qe3 Nd4 18. d3 exd3 19. Rd1 Nc6 20. Nxd3 Re7 21.
Qc1 Qf8 22. Nf4 Kg7 23. Rd6 Nd8 24. Qc3+ Kh6 25. Qd2 1-0

[Event "Tradewise Gibraltar Master 2015"]
[Site "Gibraltar ENG"]
[Date "2015.02.01"]
[Round "6.55"]
[White "Lombaers, Peter"]
[Black "Blomqvist, Erik"]
[Result "1-0"]
[WhiteElo "2291"]
[BlackElo "2520"]
[PlyCount "147"]
[EventDate "2015.01.27"]
[EventType "swiss"]
[EventRounds "10"]
[EventCountry "ENG"]
[Source "lmi"]
[SourceDate "2015.01.27"]

1. e4 d6 2. d4 Nf6 3. Nc3 e5 4. Nf3 Nbd7 5. Bc4 Be7 6. a4 O-O 7. O-O c6 8. h3
a5 9. Re1 Qc7 10. Be3 h6 11. d5 Re8 12. Nh4 Nb6 13. Bb3 Nfxd5 14. exd5 Bxh4 15.
dxc6 Be6 16. Nb5 Qxc6 17. Qxd6 Bd8 18. Qxc6 bxc6 19. Nd6 Re7 20. Bxb6 Bxb6 21.
Bxe6 Rxe6 22. Nc4 Bc7 23. Rad1 Re7 24. g4 g6 25. Kf1 Kg7 26. Rd2 f5 27. gxf5
gxf5 28. Red1 Kf6 29. Rd7 Rg8 30. Rxe7 Kxe7 31. Rd3 Ke6 32. Rc3 h5 33. Nd2 Kd7
34. Rf3 Ke6 35. Rc3 Kd6 36. Rf3 Rd8 37. Rg3 e4 38. Ke2 h4 39. Rg5 Ke5 40. Rh5
Rd4 41. f3 e3 42. Kxe3 Rxa4 43. b3 Ra2 44. Rxh4 Rxc2 45. Rc4 Rxc4 46. Nxc4+ Kd5
47. Kd3 Bd8 48. Ne3+ Ke5 49. Ng2 f4 50. Kc4 Be7 51. Kd3 Bd6 52. Kc4 Be7 53. Ne1
Bd6 54. Nc2 Kf6 55. Nd4 Kg5 56. Nxc6 Kh4 57. Kd5 Bc7 58. Ke4 Kxh3 59. Nd4 Kg3
60. Ne2+ Kf2 61. Nxf4 Bd6 62. Nd3+ Ke2 63. f4 Kd2 64. Kd4 Be7 65. f5 Bf6+ 66.
Kc4 Ke3 67. Nc5 Kf4 68. Nd7 Kxf5 69. Nxf6 Kxf6 70. Kb5 Ke6 71. Kxa5 Kd7 72. Kb6
Kc8 73. b4 Kb8 74. b5 1-0